000 00464nam a22001817a 4500
003 OSt
005 20140310182026.0
008 130813t xxu||||| |||| 00| 0 eng d
020 _a014013784
050 _aBF 441
_b.D384 1985
082 _aHS 153.4
_bD34 1985
100 _aDe Bono, Edward
_99806
245 _aSix thinking hats /
_cEdward De Bono.
260 _aCanada :
_bPenguin,
_cc1985.
300 _a207 p. :
_c20 cm.
942 _2lcc
_cHS
_kHS
999 _c8469
_d8469